1168 1314 1473 1212 1641 1511 1200 1248 1501 1274 1116 1455 1224 1655 1891 1057 1308 1747 1502 1755 1469 1815 1624 1409 1615 1883 1550 1318 1016 1140 1601 1966 1570 1691 1672 1215 1710 1810 1092 1459 1902 1438 1681 1225 1729 1604 1564 1239 1281 1205 1375 1093 1450 1419 1121 1248 1220 1475 1442 1598 1066 1501 1771 1764 1670 1005 1390 1130 1002 1382 1428 1146 1317 1549 1321 1931 1348 1017 1171 1170 1751 1887 1274 1982 1566 1400 1996 1643 1167 1072 1338 1876 1433 1805 1675 1445 1150 1568 1348 BCNSPRNW ULIB Ver.6.0+V

เปลี่ยนเป็นภาษาไทย

Change to English
 แสดงรายละเอียดบรรณานุกรม
  กลับหน้าหลัก

Brief Record : Get Marc (ISO 2709) : E-mail record : QR code < ปิดหน้าต่าง
LEADER : 00000nam 2200000uu 4500
001    13399114116
003     ULIB
008    120110s||||||||th 000 0 tha d
099    วจ.WY18^bส181ว
100 0  อรชร อินทองปาน
245 00 วิถีชีวิตของนักศึกษาโครงการผลิตพยาบาลวิชาชีพเพิ่มเพื่อแก้ไขปัญหาในพื้นที่จังหวัดชายแดนภาคใต้ : ย่างก้าวปีที่ 2/^cอรชร อินทองปาน,สาลิกา เมธนาวิน และ รุจิรา เจียมอมรรัตน์
260    นนทบุรี :^bสถาบันพระบรมราชชนก,^c2554
300    109 หน้า :^bตาราง
500    รายงานการวิจัย
650  7 นักศึกษาพยาบาล^xวิจัย
700 0  สาลิกา เมธนาวิน
700 0  รุจิรา เจียมอมรรัตน์
710    สถาบันพระบรมราชชนก
945    ^p0^l0^i031001
945    ^p0^l0^i031002
995    ทศพร
999 ^a ทศพร
รายการนี้ยังไม่มีแท็ก
คุณยังไม่ได้ล็อกอิน คุณสามารถมีกิจกรรมร่วมกับเว็บไซต์ได้ แต่ต้องล็อกอินก่อน ::
  ล็อกอิน

รายการสื่อสารสนเทศ

ลำดับที่ ประเภท เลขเรียก/บาร์โค้ด สถานที่ สถานะ
1. งานวิจัย
งานวิจัย
วจ.WY18 ส181ว ฉ.1 
  Barcode: 031001
ห้องสมุดวิทยาเขตสวรรค์ประชารักษ์
►วิจัย
บนชั้น
2. งานวิจัย
งานวิจัย
วจ.WY18 ส181ว ฉ.2 
  Barcode: 031002
ห้องสมุดวิทยาเขตสวรรค์ประชารักษ์
►วิจัย
บนชั้น

รายการใกล้เคียง
    ผู้แต่ง [อรชร อินทองปาน]

BibComment


ยังไม่เคยถูกคอมเมนท์

คอมเมนท์ทรัพยากรรายการนี้
  คอมเมนท์: วิถีชีวิตของนักศึ..


 Copyright 2026. Bcnsprnw @Library